|
|
|
|
| LEADER |
00000nam2a2200000 4500 |
| 001 |
165538 |
| 005 |
20231031161819.0 |
| 020 |
|
|
|a RU
|b 91-5401ж
|
| 035 |
|
|
|a (RuTPU)RU\TPU\book\179567
|
| 090 |
|
|
|a 165538
|
| 100 |
|
|
|a 20090919d1992 k y0rusy5003 ca
|
| 101 |
0 |
|
|a rus
|
| 102 |
|
|
|a LV
|
| 105 |
|
|
|a a z 001zy
|
| 200 |
0 |
|
|a Вып. 55 : Анализ и синтез в динамике механических систем
|
| 210 |
|
|
|d 1992
|
| 215 |
|
|
|d 20 см
|a 142 с.
|c ил.
|
| 320 |
|
|
|a Библиография в конце статей
|
| 461 |
|
1 |
|0 (RuTPU)RU\TPU\book\165334
|t Вопросы динамики и прочности
|f Рижский политехнический институт
|v Вып. 55: Анализ и синтез в динамике механических систем
|d 1953-1992
|
| 610 |
1 |
|
|a машины
|
| 610 |
1 |
|
|a прочность
|
| 610 |
1 |
|
|a динамика
|
| 610 |
1 |
|
|a механические системы
|
| 610 |
1 |
|
|a свободные колебания
|
| 610 |
1 |
|
|a виброударные машины
|
| 610 |
1 |
|
|a нелинейные упругие элементы
|
| 610 |
1 |
|
|a вибродиагностика
|
| 675 |
|
|
|a 539.3
|z rus
|v 3
|
| 675 |
|
|
|a 621.01:53
|z rus
|v 3
|
| 801 |
|
0 |
|a RU
|b RuMRKP
|c 19950417
|g psbo
|
| 801 |
|
1 |
|a RU
|b 63413507
|c 20090919
|
| 801 |
|
2 |
|a RU
|b 63413507
|c 20151111
|g RCR
|
| 942 |
|
|
|c BK
|